BSOP header

Theology, a course for college students. (Record no. 18979)

MARC details
000 -LEADER
fixed length control field 00791nam a2200181 4500
008 - FIXED-LENGTH DATA ELEMENTS--GENERAL INFORMATION
fixed length control field 040211s1952 xx 000 0 eng
090 ## - LOCALLY ASSIGNED LC-TYPE CALL NUMBER (OCLC); LOCAL CALL NUMBER (OCLC)
Classification number (OCLC) (R) ; Classification number, CALL (RLIN) (NR) BX904
Local cutter number (OCLC) ; Book number/undivided call number, CALL (RLIN) F39t
100 1# - MAIN ENTRY--PERSONAL NAME
Personal name Fernan, John Joseph,
Dates associated with a name 1908-
245 10 - TITLE STATEMENT
Title Theology, a course for college students.
260 ## - PUBLICATION, DISTRIBUTION, ETC. (IMPRINT)
Place of publication, distribution, etc [Syracuse? N.Y.,
Date of publication, distribution, etc 1952-55]
300 ## - PHYSICAL DESCRIPTION
Extent 4 v.
Other physical details maps ( on lining papers,v.3)
Dimensions 24 cm.
505 0# - FORMATTED CONTENTS NOTE
Formatted contents note v. 1. Christ as prophet and king.-v. 2. Christ, our high priest.-v. 3. The mystical Christ.- v. 4. Christ in His members, by B.J. Murray, J.J. Fernan, and E.J. Messemer.
600 14 - SUBJECT ADDED ENTRY--PERSONAL NAME
Personal name Jesus Christ
General subdivision Person and offices.
610 24 - SUBJECT ADDED ENTRY--CORPORATE NAME
Corporate name or jurisdiction name as entry element Catholic Church
General subdivision Doctrinal and controversial works.
650 #4 - SUBJECT ADDED ENTRY--TOPICAL TERM
Topical term or geographic name as entry element Theology, Doctrinal.
951 ## - EQUIVALENCE OR CROSS-REFERENCE-GEOGRAPHIC NAME/AREA NAME [OBSOLETE] [CAN/MARC only]
General subdivision 00005348
700 1# - ADDED ENTRY--PERSONAL NAME
Personal name Murray, Bernard J.
951 ## - EQUIVALENCE OR CROSS-REFERENCE-GEOGRAPHIC NAME/AREA NAME [OBSOLETE] [CAN/MARC only]
-- 7302
-- BX904/F39t
-- 070613111338203
-- 2000-12-21
-- GC
Holdings
Withdrawn status Lost status Damaged status Not for loan Home library Current library Shelving location Date acquired Accession number Shelving control number Total Checkouts Full call number Barcode Date last seen Price effective from Koha item type
        BSOP Library BSOP Library GC 12/21/2000 7302 127   BX904/F39t 00005348 02/23/2013 02/23/2013 Books
BSOP

Biblical Seminary of the Philippines
  All rights Reserved
  © 2024

CONTACT INFORMATION

Biblical Seminary of the Philippines,
  77-B Karuhatan Road, Valenzuela City,
  PHILIPPINES 1441
  Phone: +632 8292-6795 / 8292-6798
  Fax : +632 8292-6675
  Email: library@bsop.edu.ph